<?xml version="1.0" encoding="UTF-8"?>
<record
    xmlns:xsi="http://www.w3.org/2001/XMLSchema-instance"
    xsi:schemaLocation="http://www.loc.gov/MARC21/slim http://www.loc.gov/standards/marcxml/schema/MARC21slim.xsd"
    xmlns="http://www.loc.gov/MARC21/slim">

  <leader>01765cam a2200301 i 4500</leader>
  <controlfield tag="001">4363</controlfield>
  <controlfield tag="003">FISKH</controlfield>
  <controlfield tag="005">20240816145736.0</controlfield>
  <controlfield tag="008">130110s2013    nyu           000 1 eng  </controlfield>
  <datafield tag="010" ind1=" " ind2=" ">
    <subfield code="a">  2012050355</subfield>
  </datafield>
  <datafield tag="020" ind1=" " ind2=" ">
    <subfield code="a">9780811220309 (alk. paper)</subfield>
  </datafield>
  <datafield tag="040" ind1=" " ind2=" ">
    <subfield code="a">DLC</subfield>
    <subfield code="b">eng</subfield>
    <subfield code="c">DLC</subfield>
    <subfield code="e">rda</subfield>
    <subfield code="d">DLC</subfield>
  </datafield>
  <datafield tag="050" ind1=" " ind2=" ">
    <subfield code="a">PQ2637.A82</subfield>
  </datafield>
  <datafield tag="082" ind1=" " ind2=" ">
    <subfield code="a">843.914</subfield>
  </datafield>
  <datafield tag="100" ind1="1" ind2=" ">
    <subfield code="a">Sartre, Jean-Paul,</subfield>
    <subfield code="d">1905-1980.</subfield>
  </datafield>
  <datafield tag="245" ind1="1" ind2="0">
    <subfield code="a">Nausea /</subfield>
    <subfield code="c">Jean-Paul Sartre ; translated from the French by Lloyd Alexander ; foreword by Richard Howard ; introduction by James Wood.</subfield>
  </datafield>
  <datafield tag="260" ind1=" " ind2=" ">
    <subfield code="a">Phnom Penh : </subfield>
    <subfield code="b">Footprints International School, </subfield>
    <subfield code="c">2024.</subfield>
  </datafield>
  <datafield tag="300" ind1=" " ind2=" ">
    <subfield code="a">220 pages : </subfield>
    <subfield code="b">21 cm </subfield>
  </datafield>
  <datafield tag="336" ind1=" " ind2=" ">
    <subfield code="a">text</subfield>
    <subfield code="2">rdacontent</subfield>
  </datafield>
  <datafield tag="337" ind1=" " ind2=" ">
    <subfield code="a">unmediated</subfield>
    <subfield code="2">rdamedia</subfield>
  </datafield>
  <datafield tag="338" ind1=" " ind2=" ">
    <subfield code="a">volume</subfield>
    <subfield code="2">rdacarrier</subfield>
  </datafield>
  <datafield tag="520" ind1=" " ind2=" ">
    <subfield code="a">Nausea is the story of Antoine Roque tin, a French writer who is horrified at his own existence. In impressionistic, diary form he ruthlessly catalogs his every feeling and sensation. His thoughts culminate in a pervasive, overpowering feeling of nausea which "spreads at the bottom of the viscous puddle, at the bottom of our time -- the time of purple suspenders and broken chair seats; it is made of wide, soft instants, spreading at the edge, like an oil stain. "Winner of the 1964 Nobel Prize in Literature (though he declined to accept it), Jean-Paul Sartre -- philosopher, critic, novelist, and dramatist -- holds a position of singular eminence in the world of French letters. La Nausea, his first and best novel, is a landmark in Existential fiction and a key work of the twentieth century. </subfield>
  </datafield>
  <datafield tag="650" ind1=" " ind2=" ">
    <subfield code="a">Existentialism </subfield>
    <subfield code="x">French literature </subfield>
  </datafield>
  <datafield tag="700" ind1="1" ind2=" ">
    <subfield code="a">Alexander, Lloyd,</subfield>
    <subfield code="e">translator.</subfield>
  </datafield>
  <datafield tag="906" ind1=" " ind2=" ">
    <subfield code="a">7</subfield>
    <subfield code="b">cbc</subfield>
    <subfield code="c">orignew</subfield>
    <subfield code="d">1</subfield>
    <subfield code="e">ecip</subfield>
    <subfield code="f">20</subfield>
    <subfield code="g">y-gencatlg</subfield>
  </datafield>
  <datafield tag="942" ind1=" " ind2=" ">
    <subfield code="2">ddc</subfield>
    <subfield code="c">BK</subfield>
    <subfield code="n">0</subfield>
  </datafield>
  <datafield tag="999" ind1=" " ind2=" ">
    <subfield code="c">4363</subfield>
    <subfield code="d">4363</subfield>
  </datafield>
  <datafield tag="952" ind1=" " ind2=" ">
    <subfield code="0">0</subfield>
    <subfield code="1">0</subfield>
    <subfield code="2">ddc</subfield>
    <subfield code="4">0</subfield>
    <subfield code="7">0</subfield>
    <subfield code="8">FIC</subfield>
    <subfield code="a">001</subfield>
    <subfield code="b">001</subfield>
    <subfield code="c">CSS</subfield>
    <subfield code="d">2024-08-12</subfield>
    <subfield code="l">0</subfield>
    <subfield code="o">SAR 843.914 PQ2637.A82 </subfield>
    <subfield code="p">2024-0956</subfield>
    <subfield code="r">2024-08-12 14:11:22</subfield>
    <subfield code="t">1</subfield>
    <subfield code="w">2024-08-12</subfield>
    <subfield code="y">BK</subfield>
  </datafield>
  <datafield tag="952" ind1=" " ind2=" ">
    <subfield code="0">0</subfield>
    <subfield code="1">0</subfield>
    <subfield code="2">ddc</subfield>
    <subfield code="4">0</subfield>
    <subfield code="7">0</subfield>
    <subfield code="8">FIC</subfield>
    <subfield code="a">001</subfield>
    <subfield code="b">001</subfield>
    <subfield code="c">CSS</subfield>
    <subfield code="d">2024-08-12</subfield>
    <subfield code="l">0</subfield>
    <subfield code="o">SAR 843.914 PQ2637.A82 </subfield>
    <subfield code="p">2024-1245</subfield>
    <subfield code="r">2024-08-16 14:52:40</subfield>
    <subfield code="t">2</subfield>
    <subfield code="w">2024-08-12</subfield>
    <subfield code="y">BK</subfield>
  </datafield>
  <datafield tag="952" ind1=" " ind2=" ">
    <subfield code="0">0</subfield>
    <subfield code="1">0</subfield>
    <subfield code="2">ddc</subfield>
    <subfield code="4">0</subfield>
    <subfield code="7">0</subfield>
    <subfield code="8">FIC</subfield>
    <subfield code="a">001</subfield>
    <subfield code="b">001</subfield>
    <subfield code="c">CSS</subfield>
    <subfield code="d">2024-08-12</subfield>
    <subfield code="l">0</subfield>
    <subfield code="o">SAR 843.914 PQ2637.A82 </subfield>
    <subfield code="p">2024-1246</subfield>
    <subfield code="r">2024-08-16 14:52:48</subfield>
    <subfield code="t">3</subfield>
    <subfield code="w">2024-08-12</subfield>
    <subfield code="y">BK</subfield>
  </datafield>
  <datafield tag="952" ind1=" " ind2=" ">
    <subfield code="0">0</subfield>
    <subfield code="1">0</subfield>
    <subfield code="2">ddc</subfield>
    <subfield code="4">0</subfield>
    <subfield code="7">0</subfield>
    <subfield code="8">FIC</subfield>
    <subfield code="a">001</subfield>
    <subfield code="b">001</subfield>
    <subfield code="c">CSS</subfield>
    <subfield code="d">2024-08-12</subfield>
    <subfield code="l">0</subfield>
    <subfield code="o">SAR 843.914 PQ2637.A82 </subfield>
    <subfield code="p">2024-1247</subfield>
    <subfield code="r">2024-08-16 14:52:55</subfield>
    <subfield code="t">4</subfield>
    <subfield code="w">2024-08-12</subfield>
    <subfield code="y">BK</subfield>
  </datafield>
  <datafield tag="952" ind1=" " ind2=" ">
    <subfield code="0">0</subfield>
    <subfield code="1">0</subfield>
    <subfield code="2">ddc</subfield>
    <subfield code="4">0</subfield>
    <subfield code="7">0</subfield>
    <subfield code="8">FIC</subfield>
    <subfield code="a">001</subfield>
    <subfield code="b">001</subfield>
    <subfield code="c">CSS</subfield>
    <subfield code="d">2024-08-12</subfield>
    <subfield code="l">0</subfield>
    <subfield code="o">SAR 843.914 PQ2637.A82 </subfield>
    <subfield code="p">2024-1248</subfield>
    <subfield code="r">2024-08-16 14:53:02</subfield>
    <subfield code="t">5</subfield>
    <subfield code="w">2024-08-12</subfield>
    <subfield code="y">BK</subfield>
  </datafield>
  <datafield tag="952" ind1=" " ind2=" ">
    <subfield code="0">0</subfield>
    <subfield code="1">0</subfield>
    <subfield code="2">ddc</subfield>
    <subfield code="4">0</subfield>
    <subfield code="7">0</subfield>
    <subfield code="8">FIC</subfield>
    <subfield code="a">001</subfield>
    <subfield code="b">001</subfield>
    <subfield code="c">CSS</subfield>
    <subfield code="d">2024-08-12</subfield>
    <subfield code="l">0</subfield>
    <subfield code="o">SAR 843.914 PQ2637.A82 </subfield>
    <subfield code="p">2024-1249</subfield>
    <subfield code="r">2024-08-16 14:53:08</subfield>
    <subfield code="t">6</subfield>
    <subfield code="w">2024-08-12</subfield>
    <subfield code="y">BK</subfield>
  </datafield>
  <datafield tag="952" ind1=" " ind2=" ">
    <subfield code="0">0</subfield>
    <subfield code="1">0</subfield>
    <subfield code="2">ddc</subfield>
    <subfield code="4">0</subfield>
    <subfield code="7">0</subfield>
    <subfield code="8">FIC</subfield>
    <subfield code="a">001</subfield>
    <subfield code="b">001</subfield>
    <subfield code="c">CSS</subfield>
    <subfield code="d">2024-08-12</subfield>
    <subfield code="l">0</subfield>
    <subfield code="o">SAR 843.914 PQ2637.A82 </subfield>
    <subfield code="p">2024-1250</subfield>
    <subfield code="r">2024-08-16 14:53:18</subfield>
    <subfield code="t">7</subfield>
    <subfield code="w">2024-08-12</subfield>
    <subfield code="y">BK</subfield>
  </datafield>
  <datafield tag="952" ind1=" " ind2=" ">
    <subfield code="0">0</subfield>
    <subfield code="1">0</subfield>
    <subfield code="2">ddc</subfield>
    <subfield code="4">0</subfield>
    <subfield code="7">0</subfield>
    <subfield code="8">FIC</subfield>
    <subfield code="a">001</subfield>
    <subfield code="b">001</subfield>
    <subfield code="c">CSS</subfield>
    <subfield code="d">2024-08-12</subfield>
    <subfield code="l">1</subfield>
    <subfield code="o">SAR 843.914 PQ2637.A82 </subfield>
    <subfield code="p">2024-1251</subfield>
    <subfield code="r">2025-05-20 11:21:15</subfield>
    <subfield code="s">2024-08-22</subfield>
    <subfield code="t">8</subfield>
    <subfield code="w">2024-08-12</subfield>
    <subfield code="y">BK</subfield>
  </datafield>
  <datafield tag="952" ind1=" " ind2=" ">
    <subfield code="0">0</subfield>
    <subfield code="1">0</subfield>
    <subfield code="2">ddc</subfield>
    <subfield code="4">0</subfield>
    <subfield code="7">0</subfield>
    <subfield code="8">FIC</subfield>
    <subfield code="a">001</subfield>
    <subfield code="b">001</subfield>
    <subfield code="c">CSS</subfield>
    <subfield code="d">2024-08-12</subfield>
    <subfield code="l">0</subfield>
    <subfield code="o">SAR 843.914 PQ2637.A82 </subfield>
    <subfield code="p">2024-1252</subfield>
    <subfield code="r">2024-08-16 14:53:34</subfield>
    <subfield code="t">9</subfield>
    <subfield code="w">2024-08-12</subfield>
    <subfield code="y">BK</subfield>
  </datafield>
  <datafield tag="952" ind1=" " ind2=" ">
    <subfield code="0">0</subfield>
    <subfield code="1">0</subfield>
    <subfield code="2">ddc</subfield>
    <subfield code="4">0</subfield>
    <subfield code="7">0</subfield>
    <subfield code="8">FIC</subfield>
    <subfield code="a">001</subfield>
    <subfield code="b">001</subfield>
    <subfield code="c">CSS</subfield>
    <subfield code="d">2024-08-12</subfield>
    <subfield code="l">0</subfield>
    <subfield code="o">SAR 843.914 PQ2637.A82 </subfield>
    <subfield code="p">2024-1253</subfield>
    <subfield code="r">2024-08-16 14:53:41</subfield>
    <subfield code="t">10</subfield>
    <subfield code="w">2024-08-12</subfield>
    <subfield code="y">BK</subfield>
  </datafield>
  <datafield tag="952" ind1=" " ind2=" ">
    <subfield code="0">0</subfield>
    <subfield code="1">0</subfield>
    <subfield code="2">ddc</subfield>
    <subfield code="4">0</subfield>
    <subfield code="7">0</subfield>
    <subfield code="8">FIC</subfield>
    <subfield code="a">001</subfield>
    <subfield code="b">001</subfield>
    <subfield code="c">CSS</subfield>
    <subfield code="d">2024-08-12</subfield>
    <subfield code="l">0</subfield>
    <subfield code="o">SAR 843.914 PQ2637.A82 </subfield>
    <subfield code="p">2024-1254</subfield>
    <subfield code="r">2024-08-16 14:53:49</subfield>
    <subfield code="t">11</subfield>
    <subfield code="w">2024-08-12</subfield>
    <subfield code="y">BK</subfield>
  </datafield>
  <datafield tag="952" ind1=" " ind2=" ">
    <subfield code="0">0</subfield>
    <subfield code="1">0</subfield>
    <subfield code="2">ddc</subfield>
    <subfield code="4">0</subfield>
    <subfield code="7">0</subfield>
    <subfield code="8">FIC</subfield>
    <subfield code="a">001</subfield>
    <subfield code="b">001</subfield>
    <subfield code="c">CSS</subfield>
    <subfield code="d">2024-08-12</subfield>
    <subfield code="l">0</subfield>
    <subfield code="o">SAR 843.914 PQ2637.A82 </subfield>
    <subfield code="p">2024-1255</subfield>
    <subfield code="r">2024-08-16 14:53:56</subfield>
    <subfield code="t">12</subfield>
    <subfield code="w">2024-08-12</subfield>
    <subfield code="y">BK</subfield>
  </datafield>
  <datafield tag="952" ind1=" " ind2=" ">
    <subfield code="0">0</subfield>
    <subfield code="1">0</subfield>
    <subfield code="2">ddc</subfield>
    <subfield code="4">0</subfield>
    <subfield code="7">0</subfield>
    <subfield code="8">FIC</subfield>
    <subfield code="a">001</subfield>
    <subfield code="b">001</subfield>
    <subfield code="c">CSS</subfield>
    <subfield code="d">2024-08-12</subfield>
    <subfield code="l">1</subfield>
    <subfield code="o">SAR 843.914 PQ2637.A82 </subfield>
    <subfield code="p">2024-1256</subfield>
    <subfield code="r">2025-05-06 11:53:25</subfield>
    <subfield code="s">2024-08-22</subfield>
    <subfield code="t">13</subfield>
    <subfield code="w">2024-08-12</subfield>
    <subfield code="y">BK</subfield>
  </datafield>
  <datafield tag="952" ind1=" " ind2=" ">
    <subfield code="0">0</subfield>
    <subfield code="1">0</subfield>
    <subfield code="2">ddc</subfield>
    <subfield code="4">0</subfield>
    <subfield code="7">0</subfield>
    <subfield code="8">FIC</subfield>
    <subfield code="a">001</subfield>
    <subfield code="b">001</subfield>
    <subfield code="c">CSS</subfield>
    <subfield code="d">2024-08-12</subfield>
    <subfield code="l">0</subfield>
    <subfield code="o">SAR 843.914 PQ2637.A82 </subfield>
    <subfield code="p">2024-1257</subfield>
    <subfield code="r">2025-03-14 12:03:22</subfield>
    <subfield code="t">14</subfield>
    <subfield code="w">2024-08-12</subfield>
    <subfield code="y">BK</subfield>
  </datafield>
  <datafield tag="952" ind1=" " ind2=" ">
    <subfield code="0">0</subfield>
    <subfield code="1">0</subfield>
    <subfield code="2">ddc</subfield>
    <subfield code="4">0</subfield>
    <subfield code="7">0</subfield>
    <subfield code="8">FIC</subfield>
    <subfield code="a">001</subfield>
    <subfield code="b">001</subfield>
    <subfield code="c">CSS</subfield>
    <subfield code="d">2024-08-12</subfield>
    <subfield code="l">0</subfield>
    <subfield code="o">SAR 843.914 PQ2637.A82 </subfield>
    <subfield code="p">2024-1258</subfield>
    <subfield code="r">2024-08-16 14:54:21</subfield>
    <subfield code="t">15</subfield>
    <subfield code="w">2024-08-12</subfield>
    <subfield code="y">BK</subfield>
  </datafield>
  <datafield tag="952" ind1=" " ind2=" ">
    <subfield code="0">0</subfield>
    <subfield code="1">0</subfield>
    <subfield code="2">ddc</subfield>
    <subfield code="4">0</subfield>
    <subfield code="7">0</subfield>
    <subfield code="8">FIC</subfield>
    <subfield code="a">001</subfield>
    <subfield code="b">001</subfield>
    <subfield code="c">CSS</subfield>
    <subfield code="d">2024-08-12</subfield>
    <subfield code="l">0</subfield>
    <subfield code="o">SAR 843.914 PQ2637.A82 </subfield>
    <subfield code="p">2024-1259</subfield>
    <subfield code="r">2024-08-16 14:54:28</subfield>
    <subfield code="t">16</subfield>
    <subfield code="w">2024-08-12</subfield>
    <subfield code="y">BK</subfield>
  </datafield>
  <datafield tag="952" ind1=" " ind2=" ">
    <subfield code="0">0</subfield>
    <subfield code="1">0</subfield>
    <subfield code="2">ddc</subfield>
    <subfield code="4">0</subfield>
    <subfield code="7">0</subfield>
    <subfield code="8">FIC</subfield>
    <subfield code="a">001</subfield>
    <subfield code="b">001</subfield>
    <subfield code="c">CSS</subfield>
    <subfield code="d">2024-08-12</subfield>
    <subfield code="l">0</subfield>
    <subfield code="o">SAR 843.914 PQ2637.A82 </subfield>
    <subfield code="p">2024-1260</subfield>
    <subfield code="r">2024-08-16 14:54:36</subfield>
    <subfield code="t">17</subfield>
    <subfield code="w">2024-08-12</subfield>
    <subfield code="y">BK</subfield>
  </datafield>
  <datafield tag="952" ind1=" " ind2=" ">
    <subfield code="0">0</subfield>
    <subfield code="1">0</subfield>
    <subfield code="2">ddc</subfield>
    <subfield code="4">0</subfield>
    <subfield code="7">0</subfield>
    <subfield code="8">FIC</subfield>
    <subfield code="a">001</subfield>
    <subfield code="b">001</subfield>
    <subfield code="c">CSS</subfield>
    <subfield code="d">2024-08-12</subfield>
    <subfield code="l">0</subfield>
    <subfield code="o">SAR 843.914 PQ2637.A82 </subfield>
    <subfield code="p">2024-1261</subfield>
    <subfield code="r">2024-08-16 14:56:17</subfield>
    <subfield code="t">18</subfield>
    <subfield code="w">2024-08-12</subfield>
    <subfield code="y">BK</subfield>
  </datafield>
  <datafield tag="952" ind1=" " ind2=" ">
    <subfield code="0">0</subfield>
    <subfield code="1">0</subfield>
    <subfield code="2">ddc</subfield>
    <subfield code="4">0</subfield>
    <subfield code="7">0</subfield>
    <subfield code="8">FIC</subfield>
    <subfield code="a">001</subfield>
    <subfield code="b">001</subfield>
    <subfield code="c">CSS</subfield>
    <subfield code="d">2024-08-12</subfield>
    <subfield code="l">0</subfield>
    <subfield code="o">SAR 843.914 PQ2637.A82 </subfield>
    <subfield code="p">2024-1262</subfield>
    <subfield code="r">2024-08-16 14:56:26</subfield>
    <subfield code="t">19</subfield>
    <subfield code="w">2024-08-12</subfield>
    <subfield code="y">BK</subfield>
  </datafield>
  <datafield tag="952" ind1=" " ind2=" ">
    <subfield code="0">0</subfield>
    <subfield code="1">0</subfield>
    <subfield code="2">ddc</subfield>
    <subfield code="4">0</subfield>
    <subfield code="7">0</subfield>
    <subfield code="8">FIC</subfield>
    <subfield code="a">001</subfield>
    <subfield code="b">001</subfield>
    <subfield code="c">CSS</subfield>
    <subfield code="d">2024-08-12</subfield>
    <subfield code="l">0</subfield>
    <subfield code="o">SAR 843.914 PQ2637.A82 </subfield>
    <subfield code="p">2024-1263</subfield>
    <subfield code="r">2024-08-16 14:56:35</subfield>
    <subfield code="t">20</subfield>
    <subfield code="w">2024-08-12</subfield>
    <subfield code="y">BK</subfield>
  </datafield>
  <datafield tag="952" ind1=" " ind2=" ">
    <subfield code="0">0</subfield>
    <subfield code="1">0</subfield>
    <subfield code="2">ddc</subfield>
    <subfield code="4">0</subfield>
    <subfield code="7">0</subfield>
    <subfield code="8">FIC</subfield>
    <subfield code="a">001</subfield>
    <subfield code="b">001</subfield>
    <subfield code="c">CSS</subfield>
    <subfield code="d">2024-08-12</subfield>
    <subfield code="l">0</subfield>
    <subfield code="o">SAR 843.914 PQ2637.A82 </subfield>
    <subfield code="p">2024-1264</subfield>
    <subfield code="r">2024-08-16 14:56:43</subfield>
    <subfield code="t">21</subfield>
    <subfield code="w">2024-08-12</subfield>
    <subfield code="y">BK</subfield>
  </datafield>
  <datafield tag="952" ind1=" " ind2=" ">
    <subfield code="0">0</subfield>
    <subfield code="1">0</subfield>
    <subfield code="2">ddc</subfield>
    <subfield code="4">0</subfield>
    <subfield code="7">0</subfield>
    <subfield code="8">FIC</subfield>
    <subfield code="a">001</subfield>
    <subfield code="b">001</subfield>
    <subfield code="c">CSS</subfield>
    <subfield code="d">2024-08-12</subfield>
    <subfield code="l">1</subfield>
    <subfield code="o">SAR 843.914 PQ2637.A82 </subfield>
    <subfield code="p">2024-1265</subfield>
    <subfield code="r">2025-06-19 13:18:55</subfield>
    <subfield code="s">2025-05-21</subfield>
    <subfield code="t">22</subfield>
    <subfield code="w">2024-08-12</subfield>
    <subfield code="y">BK</subfield>
  </datafield>
  <datafield tag="952" ind1=" " ind2=" ">
    <subfield code="0">0</subfield>
    <subfield code="1">0</subfield>
    <subfield code="2">ddc</subfield>
    <subfield code="4">0</subfield>
    <subfield code="7">0</subfield>
    <subfield code="8">FIC</subfield>
    <subfield code="a">001</subfield>
    <subfield code="b">001</subfield>
    <subfield code="c">CSS</subfield>
    <subfield code="d">2024-08-12</subfield>
    <subfield code="l">0</subfield>
    <subfield code="o">SAR 843.914 PQ2637.A82 </subfield>
    <subfield code="p">2024-1266</subfield>
    <subfield code="r">2024-08-16 14:57:00</subfield>
    <subfield code="t">23</subfield>
    <subfield code="w">2024-08-12</subfield>
    <subfield code="y">BK</subfield>
  </datafield>
  <datafield tag="952" ind1=" " ind2=" ">
    <subfield code="0">0</subfield>
    <subfield code="1">0</subfield>
    <subfield code="2">ddc</subfield>
    <subfield code="4">0</subfield>
    <subfield code="7">0</subfield>
    <subfield code="8">FIC</subfield>
    <subfield code="a">001</subfield>
    <subfield code="b">001</subfield>
    <subfield code="c">CSS</subfield>
    <subfield code="d">2024-08-12</subfield>
    <subfield code="l">0</subfield>
    <subfield code="o">SAR 843.914 PQ2637.A82 </subfield>
    <subfield code="p">2024-1267</subfield>
    <subfield code="r">2024-08-16 14:57:12</subfield>
    <subfield code="t">24</subfield>
    <subfield code="w">2024-08-12</subfield>
    <subfield code="y">BK</subfield>
  </datafield>
  <datafield tag="952" ind1=" " ind2=" ">
    <subfield code="0">0</subfield>
    <subfield code="1">0</subfield>
    <subfield code="2">ddc</subfield>
    <subfield code="4">0</subfield>
    <subfield code="7">0</subfield>
    <subfield code="8">FIC</subfield>
    <subfield code="a">001</subfield>
    <subfield code="b">001</subfield>
    <subfield code="c">CSS</subfield>
    <subfield code="d">2024-08-12</subfield>
    <subfield code="l">0</subfield>
    <subfield code="o">SAR 843.914 PQ2637.A82 </subfield>
    <subfield code="p">2024-1268</subfield>
    <subfield code="r">2024-08-16 14:57:21</subfield>
    <subfield code="t">25</subfield>
    <subfield code="w">2024-08-12</subfield>
    <subfield code="y">BK</subfield>
  </datafield>
  <datafield tag="952" ind1=" " ind2=" ">
    <subfield code="0">0</subfield>
    <subfield code="1">0</subfield>
    <subfield code="2">ddc</subfield>
    <subfield code="4">0</subfield>
    <subfield code="7">0</subfield>
    <subfield code="8">FIC</subfield>
    <subfield code="a">001</subfield>
    <subfield code="b">001</subfield>
    <subfield code="c">CSS</subfield>
    <subfield code="d">2024-08-12</subfield>
    <subfield code="l">0</subfield>
    <subfield code="o">SAR 843.914 PQ2637.A82 </subfield>
    <subfield code="p">2024-1269</subfield>
    <subfield code="r">2025-05-20 11:20:50</subfield>
    <subfield code="t">26</subfield>
    <subfield code="w">2024-08-12</subfield>
    <subfield code="y">BK</subfield>
  </datafield>
  <datafield tag="952" ind1=" " ind2=" ">
    <subfield code="0">0</subfield>
    <subfield code="1">0</subfield>
    <subfield code="2">ddc</subfield>
    <subfield code="4">0</subfield>
    <subfield code="7">0</subfield>
    <subfield code="8">FIC</subfield>
    <subfield code="a">002</subfield>
    <subfield code="b">002</subfield>
    <subfield code="c">SCBTTP</subfield>
    <subfield code="d">2024-08-20</subfield>
    <subfield code="l">0</subfield>
    <subfield code="o">SAR 843.914 PQ2637.A82 </subfield>
    <subfield code="p">2024-1658</subfield>
    <subfield code="r">2024-08-20 12:20:47</subfield>
    <subfield code="t">27.1</subfield>
    <subfield code="w">2024-08-20</subfield>
    <subfield code="y">BK</subfield>
  </datafield>
  <datafield tag="952" ind1=" " ind2=" ">
    <subfield code="0">0</subfield>
    <subfield code="1">0</subfield>
    <subfield code="2">ddc</subfield>
    <subfield code="4">0</subfield>
    <subfield code="7">0</subfield>
    <subfield code="8">FIC</subfield>
    <subfield code="a">002</subfield>
    <subfield code="b">002</subfield>
    <subfield code="c">SCBTTP</subfield>
    <subfield code="d">2024-08-20</subfield>
    <subfield code="l">0</subfield>
    <subfield code="o">SAR 843.914 PQ2637.A82 </subfield>
    <subfield code="p">2024-1659</subfield>
    <subfield code="r">2024-08-20 12:21:13</subfield>
    <subfield code="t">28.2</subfield>
    <subfield code="w">2024-08-20</subfield>
    <subfield code="y">BK</subfield>
  </datafield>
  <datafield tag="952" ind1=" " ind2=" ">
    <subfield code="0">0</subfield>
    <subfield code="1">0</subfield>
    <subfield code="2">ddc</subfield>
    <subfield code="4">0</subfield>
    <subfield code="7">0</subfield>
    <subfield code="8">FIC</subfield>
    <subfield code="a">002</subfield>
    <subfield code="b">002</subfield>
    <subfield code="c">SCBTTP</subfield>
    <subfield code="d">2024-08-20</subfield>
    <subfield code="l">0</subfield>
    <subfield code="o">SAR 843.914 PQ2637.A82 </subfield>
    <subfield code="p">2024-1660</subfield>
    <subfield code="r">2024-08-20 12:21:23</subfield>
    <subfield code="t">29.3</subfield>
    <subfield code="w">2024-08-20</subfield>
    <subfield code="y">BK</subfield>
  </datafield>
  <datafield tag="952" ind1=" " ind2=" ">
    <subfield code="0">0</subfield>
    <subfield code="1">0</subfield>
    <subfield code="2">ddc</subfield>
    <subfield code="4">0</subfield>
    <subfield code="7">0</subfield>
    <subfield code="8">FIC</subfield>
    <subfield code="a">002</subfield>
    <subfield code="b">002</subfield>
    <subfield code="c">SCBTTP</subfield>
    <subfield code="d">2024-08-20</subfield>
    <subfield code="l">1</subfield>
    <subfield code="o">SAR 843.914 PQ2637.A82 </subfield>
    <subfield code="p">2024-1661</subfield>
    <subfield code="r">2024-09-13 09:39:07</subfield>
    <subfield code="s">2024-08-30</subfield>
    <subfield code="t">30.4</subfield>
    <subfield code="w">2024-08-20</subfield>
    <subfield code="y">BK</subfield>
  </datafield>
  <datafield tag="952" ind1=" " ind2=" ">
    <subfield code="0">0</subfield>
    <subfield code="1">0</subfield>
    <subfield code="2">ddc</subfield>
    <subfield code="4">0</subfield>
    <subfield code="7">0</subfield>
    <subfield code="8">FIC</subfield>
    <subfield code="a">002</subfield>
    <subfield code="b">002</subfield>
    <subfield code="c">SCBTTP</subfield>
    <subfield code="d">2024-08-20</subfield>
    <subfield code="l">0</subfield>
    <subfield code="o">SAR 843.914 PQ2637.A82 </subfield>
    <subfield code="p">2024-1662</subfield>
    <subfield code="r">2024-08-20 12:21:55</subfield>
    <subfield code="t">31.5</subfield>
    <subfield code="w">2024-08-20</subfield>
    <subfield code="y">BK</subfield>
  </datafield>
  <datafield tag="952" ind1=" " ind2=" ">
    <subfield code="0">0</subfield>
    <subfield code="1">0</subfield>
    <subfield code="2">ddc</subfield>
    <subfield code="4">0</subfield>
    <subfield code="7">0</subfield>
    <subfield code="8">FIC</subfield>
    <subfield code="a">002</subfield>
    <subfield code="b">002</subfield>
    <subfield code="c">SCBTTP</subfield>
    <subfield code="d">2024-08-20</subfield>
    <subfield code="l">0</subfield>
    <subfield code="o">SAR 843.914 PQ2637.A82 </subfield>
    <subfield code="p">2024-1663</subfield>
    <subfield code="r">2024-08-20 12:22:04</subfield>
    <subfield code="t">32.6</subfield>
    <subfield code="w">2024-08-20</subfield>
    <subfield code="y">BK</subfield>
  </datafield>
  <datafield tag="952" ind1=" " ind2=" ">
    <subfield code="0">0</subfield>
    <subfield code="1">0</subfield>
    <subfield code="2">ddc</subfield>
    <subfield code="4">0</subfield>
    <subfield code="7">0</subfield>
    <subfield code="8">FIC</subfield>
    <subfield code="a">002</subfield>
    <subfield code="b">002</subfield>
    <subfield code="c">SCBTTP</subfield>
    <subfield code="d">2024-08-20</subfield>
    <subfield code="l">0</subfield>
    <subfield code="o">SAR 843.914 PQ2637.A82 </subfield>
    <subfield code="p">2024-1664</subfield>
    <subfield code="r">2024-08-20 12:22:15</subfield>
    <subfield code="t">33.7</subfield>
    <subfield code="w">2024-08-20</subfield>
    <subfield code="y">BK</subfield>
  </datafield>
  <datafield tag="952" ind1=" " ind2=" ">
    <subfield code="0">0</subfield>
    <subfield code="1">0</subfield>
    <subfield code="2">ddc</subfield>
    <subfield code="4">0</subfield>
    <subfield code="7">0</subfield>
    <subfield code="8">FIC</subfield>
    <subfield code="a">002</subfield>
    <subfield code="b">002</subfield>
    <subfield code="c">SCBTTP</subfield>
    <subfield code="d">2024-08-20</subfield>
    <subfield code="l">0</subfield>
    <subfield code="o">SAR 843.914 PQ2637.A82 </subfield>
    <subfield code="p">2024-1665</subfield>
    <subfield code="r">2024-08-20 12:22:30</subfield>
    <subfield code="t">34.8</subfield>
    <subfield code="w">2024-08-20</subfield>
    <subfield code="y">BK</subfield>
  </datafield>
  <datafield tag="952" ind1=" " ind2=" ">
    <subfield code="0">0</subfield>
    <subfield code="1">0</subfield>
    <subfield code="2">ddc</subfield>
    <subfield code="4">0</subfield>
    <subfield code="7">0</subfield>
    <subfield code="8">FIC</subfield>
    <subfield code="a">002</subfield>
    <subfield code="b">002</subfield>
    <subfield code="c">SCBTTP</subfield>
    <subfield code="d">2024-08-20</subfield>
    <subfield code="l">0</subfield>
    <subfield code="o">SAR 843.914 PQ2637.A82 </subfield>
    <subfield code="p">2024-1666</subfield>
    <subfield code="r">2024-08-20 12:22:41</subfield>
    <subfield code="t">35.9</subfield>
    <subfield code="w">2024-08-20</subfield>
    <subfield code="y">BK</subfield>
  </datafield>
  <datafield tag="952" ind1=" " ind2=" ">
    <subfield code="0">0</subfield>
    <subfield code="1">0</subfield>
    <subfield code="2">ddc</subfield>
    <subfield code="4">0</subfield>
    <subfield code="7">0</subfield>
    <subfield code="8">FIC</subfield>
    <subfield code="a">002</subfield>
    <subfield code="b">002</subfield>
    <subfield code="c">SCBTTP</subfield>
    <subfield code="d">2024-08-20</subfield>
    <subfield code="l">0</subfield>
    <subfield code="o">SAR 843.914 PQ2637.A82 </subfield>
    <subfield code="p">2024-1667</subfield>
    <subfield code="r">2024-08-20 12:22:52</subfield>
    <subfield code="t">36.10</subfield>
    <subfield code="w">2024-08-20</subfield>
    <subfield code="y">BK</subfield>
  </datafield>
  <datafield tag="952" ind1=" " ind2=" ">
    <subfield code="0">0</subfield>
    <subfield code="1">0</subfield>
    <subfield code="2">ddc</subfield>
    <subfield code="4">0</subfield>
    <subfield code="7">0</subfield>
    <subfield code="8">FIC</subfield>
    <subfield code="a">002</subfield>
    <subfield code="b">002</subfield>
    <subfield code="c">SCBTTP</subfield>
    <subfield code="d">2024-08-20</subfield>
    <subfield code="l">0</subfield>
    <subfield code="o">SAR 843.914 PQ2637.A82 </subfield>
    <subfield code="p">2024-1668</subfield>
    <subfield code="r">2024-08-20 12:23:03</subfield>
    <subfield code="t">37.11</subfield>
    <subfield code="w">2024-08-20</subfield>
    <subfield code="y">BK</subfield>
  </datafield>
  <datafield tag="952" ind1=" " ind2=" ">
    <subfield code="0">0</subfield>
    <subfield code="1">0</subfield>
    <subfield code="2">ddc</subfield>
    <subfield code="4">0</subfield>
    <subfield code="7">0</subfield>
    <subfield code="8">FIC</subfield>
    <subfield code="a">002</subfield>
    <subfield code="b">002</subfield>
    <subfield code="c">SCBTTP</subfield>
    <subfield code="d">2024-08-20</subfield>
    <subfield code="l">0</subfield>
    <subfield code="o">SAR 843.914 PQ2637.A82 </subfield>
    <subfield code="p">2024-1669</subfield>
    <subfield code="r">2024-08-20 12:23:25</subfield>
    <subfield code="t">38.12</subfield>
    <subfield code="w">2024-08-20</subfield>
    <subfield code="y">BK</subfield>
  </datafield>
  <datafield tag="952" ind1=" " ind2=" ">
    <subfield code="0">0</subfield>
    <subfield code="1">0</subfield>
    <subfield code="2">ddc</subfield>
    <subfield code="4">0</subfield>
    <subfield code="7">0</subfield>
    <subfield code="8">FIC</subfield>
    <subfield code="a">002</subfield>
    <subfield code="b">002</subfield>
    <subfield code="c">SCBTTP</subfield>
    <subfield code="d">2024-08-20</subfield>
    <subfield code="l">0</subfield>
    <subfield code="o">SAR 843.914 PQ2637.A82 </subfield>
    <subfield code="p">2024-1670</subfield>
    <subfield code="r">2024-08-20 12:23:35</subfield>
    <subfield code="t">39.13</subfield>
    <subfield code="w">2024-08-20</subfield>
    <subfield code="y">BK</subfield>
  </datafield>
  <datafield tag="952" ind1=" " ind2=" ">
    <subfield code="0">0</subfield>
    <subfield code="1">0</subfield>
    <subfield code="2">ddc</subfield>
    <subfield code="4">0</subfield>
    <subfield code="7">0</subfield>
    <subfield code="8">FIC</subfield>
    <subfield code="a">002</subfield>
    <subfield code="b">002</subfield>
    <subfield code="c">SCBTTP</subfield>
    <subfield code="d">2024-08-20</subfield>
    <subfield code="l">0</subfield>
    <subfield code="o">SAR 843.914 PQ2637.A82 </subfield>
    <subfield code="p">2024-1671</subfield>
    <subfield code="r">2025-03-04 15:02:24</subfield>
    <subfield code="t">40.14</subfield>
    <subfield code="w">2024-08-20</subfield>
    <subfield code="y">BK</subfield>
  </datafield>
  <datafield tag="952" ind1=" " ind2=" ">
    <subfield code="0">0</subfield>
    <subfield code="1">0</subfield>
    <subfield code="2">ddc</subfield>
    <subfield code="4">0</subfield>
    <subfield code="7">0</subfield>
    <subfield code="8">FIC</subfield>
    <subfield code="a">002</subfield>
    <subfield code="b">002</subfield>
    <subfield code="c">SCBTTP</subfield>
    <subfield code="d">2024-08-20</subfield>
    <subfield code="l">1</subfield>
    <subfield code="o">SAR 843.914 PQ2637.A82 </subfield>
    <subfield code="p">2024-1672</subfield>
    <subfield code="r">2025-03-05 11:27:23</subfield>
    <subfield code="s">2024-08-28</subfield>
    <subfield code="t">41.15</subfield>
    <subfield code="w">2024-08-20</subfield>
    <subfield code="y">BK</subfield>
  </datafield>
  <datafield tag="952" ind1=" " ind2=" ">
    <subfield code="0">0</subfield>
    <subfield code="1">0</subfield>
    <subfield code="2">ddc</subfield>
    <subfield code="4">0</subfield>
    <subfield code="7">0</subfield>
    <subfield code="8">FIC</subfield>
    <subfield code="a">002</subfield>
    <subfield code="b">002</subfield>
    <subfield code="c">SCBTTP</subfield>
    <subfield code="d">2024-08-20</subfield>
    <subfield code="l">0</subfield>
    <subfield code="o">SAR 843.914 PQ2637.A82 </subfield>
    <subfield code="p">2024-1673</subfield>
    <subfield code="r">2025-03-05 11:23:56</subfield>
    <subfield code="t">42.16</subfield>
    <subfield code="w">2024-08-20</subfield>
    <subfield code="y">BK</subfield>
  </datafield>
  <datafield tag="952" ind1=" " ind2=" ">
    <subfield code="0">0</subfield>
    <subfield code="1">0</subfield>
    <subfield code="2">ddc</subfield>
    <subfield code="4">0</subfield>
    <subfield code="7">0</subfield>
    <subfield code="8">FIC</subfield>
    <subfield code="a">002</subfield>
    <subfield code="b">002</subfield>
    <subfield code="c">SCBTTP</subfield>
    <subfield code="d">2024-08-20</subfield>
    <subfield code="l">0</subfield>
    <subfield code="o">SAR 843.914 PQ2637.A82 </subfield>
    <subfield code="p">2024-1674</subfield>
    <subfield code="r">2024-08-20 12:24:34</subfield>
    <subfield code="t">43.17</subfield>
    <subfield code="w">2024-08-20</subfield>
    <subfield code="y">BK</subfield>
  </datafield>
  <datafield tag="952" ind1=" " ind2=" ">
    <subfield code="0">0</subfield>
    <subfield code="1">0</subfield>
    <subfield code="2">ddc</subfield>
    <subfield code="4">0</subfield>
    <subfield code="7">0</subfield>
    <subfield code="8">FIC</subfield>
    <subfield code="a">002</subfield>
    <subfield code="b">002</subfield>
    <subfield code="c">SCBTTP</subfield>
    <subfield code="d">2024-08-20</subfield>
    <subfield code="l">1</subfield>
    <subfield code="o">SAR 843.914 PQ2637.A82 </subfield>
    <subfield code="p">2024-1675</subfield>
    <subfield code="r">2025-03-05 11:13:10</subfield>
    <subfield code="s">2024-08-28</subfield>
    <subfield code="t">44.18</subfield>
    <subfield code="w">2024-08-20</subfield>
    <subfield code="y">BK</subfield>
  </datafield>
  <datafield tag="952" ind1=" " ind2=" ">
    <subfield code="0">0</subfield>
    <subfield code="1">0</subfield>
    <subfield code="2">ddc</subfield>
    <subfield code="4">0</subfield>
    <subfield code="7">0</subfield>
    <subfield code="8">FIC</subfield>
    <subfield code="a">002</subfield>
    <subfield code="b">002</subfield>
    <subfield code="c">SCBTTP</subfield>
    <subfield code="d">2024-08-20</subfield>
    <subfield code="l">0</subfield>
    <subfield code="o">SAR 843.914 PQ2637.A82 </subfield>
    <subfield code="p">2024-1676</subfield>
    <subfield code="r">2024-08-20 12:24:53</subfield>
    <subfield code="t">45.19</subfield>
    <subfield code="w">2024-08-20</subfield>
    <subfield code="y">BK</subfield>
  </datafield>
  <datafield tag="952" ind1=" " ind2=" ">
    <subfield code="0">0</subfield>
    <subfield code="1">0</subfield>
    <subfield code="2">ddc</subfield>
    <subfield code="4">0</subfield>
    <subfield code="7">0</subfield>
    <subfield code="8">FIC</subfield>
    <subfield code="a">002</subfield>
    <subfield code="b">002</subfield>
    <subfield code="c">SCBTTP</subfield>
    <subfield code="d">2024-08-20</subfield>
    <subfield code="l">0</subfield>
    <subfield code="o">SAR 843.914 PQ2637.A82 </subfield>
    <subfield code="p">2024-1677</subfield>
    <subfield code="r">2024-08-20 12:25:07</subfield>
    <subfield code="t">46.20</subfield>
    <subfield code="w">2024-08-20</subfield>
    <subfield code="y">BK</subfield>
  </datafield>
  <datafield tag="952" ind1=" " ind2=" ">
    <subfield code="0">0</subfield>
    <subfield code="1">0</subfield>
    <subfield code="2">ddc</subfield>
    <subfield code="4">0</subfield>
    <subfield code="7">0</subfield>
    <subfield code="8">FIC</subfield>
    <subfield code="a">002</subfield>
    <subfield code="b">002</subfield>
    <subfield code="c">SCBTTP</subfield>
    <subfield code="d">2024-08-20</subfield>
    <subfield code="l">0</subfield>
    <subfield code="o">SAR 843.914 PQ2637.A82 </subfield>
    <subfield code="p">2024-1678</subfield>
    <subfield code="r">2024-08-20 12:25:17</subfield>
    <subfield code="t">47.21</subfield>
    <subfield code="w">2024-08-20</subfield>
    <subfield code="y">BK</subfield>
  </datafield>
  <datafield tag="952" ind1=" " ind2=" ">
    <subfield code="0">0</subfield>
    <subfield code="1">0</subfield>
    <subfield code="2">ddc</subfield>
    <subfield code="4">0</subfield>
    <subfield code="7">0</subfield>
    <subfield code="8">FIC</subfield>
    <subfield code="a">002</subfield>
    <subfield code="b">002</subfield>
    <subfield code="c">SCBTTP</subfield>
    <subfield code="d">2024-08-20</subfield>
    <subfield code="l">0</subfield>
    <subfield code="o">SAR 843.914 PQ2637.A82 </subfield>
    <subfield code="p">2024-1679</subfield>
    <subfield code="r">2024-08-20 12:25:26</subfield>
    <subfield code="t">48.22</subfield>
    <subfield code="w">2024-08-20</subfield>
    <subfield code="y">BK</subfield>
  </datafield>
  <datafield tag="952" ind1=" " ind2=" ">
    <subfield code="0">0</subfield>
    <subfield code="1">0</subfield>
    <subfield code="2">ddc</subfield>
    <subfield code="4">0</subfield>
    <subfield code="7">0</subfield>
    <subfield code="8">FIC</subfield>
    <subfield code="a">002</subfield>
    <subfield code="b">002</subfield>
    <subfield code="c">SCBTTP</subfield>
    <subfield code="d">2024-08-20</subfield>
    <subfield code="l">1</subfield>
    <subfield code="o">SAR 843.914 PQ2637.A82 </subfield>
    <subfield code="p">2024-1680</subfield>
    <subfield code="r">2025-04-10 11:31:05</subfield>
    <subfield code="s">2024-08-28</subfield>
    <subfield code="t">49.23</subfield>
    <subfield code="w">2024-08-20</subfield>
    <subfield code="y">BK</subfield>
  </datafield>
  <datafield tag="952" ind1=" " ind2=" ">
    <subfield code="0">0</subfield>
    <subfield code="1">0</subfield>
    <subfield code="2">ddc</subfield>
    <subfield code="4">0</subfield>
    <subfield code="7">0</subfield>
    <subfield code="8">FIC</subfield>
    <subfield code="a">002</subfield>
    <subfield code="b">002</subfield>
    <subfield code="c">SCBTTP</subfield>
    <subfield code="d">2024-08-20</subfield>
    <subfield code="l">0</subfield>
    <subfield code="o">SAR 843.914 PQ2637.A82 </subfield>
    <subfield code="p">2024-1681</subfield>
    <subfield code="r">2024-08-20 12:25:48</subfield>
    <subfield code="t">50.24</subfield>
    <subfield code="w">2024-08-20</subfield>
    <subfield code="y">BK</subfield>
  </datafield>
  <datafield tag="952" ind1=" " ind2=" ">
    <subfield code="0">0</subfield>
    <subfield code="1">0</subfield>
    <subfield code="2">ddc</subfield>
    <subfield code="4">0</subfield>
    <subfield code="7">0</subfield>
    <subfield code="8">FIC</subfield>
    <subfield code="a">002</subfield>
    <subfield code="b">002</subfield>
    <subfield code="c">SCBTTP</subfield>
    <subfield code="d">2024-08-20</subfield>
    <subfield code="l">0</subfield>
    <subfield code="o">SAR 843.914 PQ2637.A82 </subfield>
    <subfield code="p">2024-1682</subfield>
    <subfield code="r">2024-08-20 12:26:01</subfield>
    <subfield code="t">51.25</subfield>
    <subfield code="w">2024-08-20</subfield>
    <subfield code="y">BK</subfield>
  </datafield>
  <datafield tag="952" ind1=" " ind2=" ">
    <subfield code="0">0</subfield>
    <subfield code="1">0</subfield>
    <subfield code="2">ddc</subfield>
    <subfield code="4">0</subfield>
    <subfield code="7">0</subfield>
    <subfield code="8">FIC</subfield>
    <subfield code="a">002</subfield>
    <subfield code="b">002</subfield>
    <subfield code="c">SCBTTP</subfield>
    <subfield code="d">2024-08-20</subfield>
    <subfield code="l">0</subfield>
    <subfield code="o">SAR 843.914 PQ2637.A82 </subfield>
    <subfield code="p">2024-1683</subfield>
    <subfield code="r">2024-08-20 12:26:13</subfield>
    <subfield code="t">52.26</subfield>
    <subfield code="w">2024-08-20</subfield>
    <subfield code="y">BK</subfield>
  </datafield>
  <datafield tag="952" ind1=" " ind2=" ">
    <subfield code="0">0</subfield>
    <subfield code="1">0</subfield>
    <subfield code="2">ddc</subfield>
    <subfield code="4">0</subfield>
    <subfield code="7">0</subfield>
    <subfield code="8">FIC</subfield>
    <subfield code="a">002</subfield>
    <subfield code="b">002</subfield>
    <subfield code="c">SCBTTP</subfield>
    <subfield code="d">2025-04-23</subfield>
    <subfield code="l">0</subfield>
    <subfield code="o">SAR 843.914 PQ2637.A82 </subfield>
    <subfield code="p">2025-1105</subfield>
    <subfield code="r">2025-04-23 16:30:33</subfield>
    <subfield code="t">53 (Big Book )</subfield>
    <subfield code="w">2025-04-23</subfield>
    <subfield code="y">BK</subfield>
  </datafield>
</record>
